| 000 | 005690000a22001570004500 | ||
|---|---|---|---|
| 003 | MACL | ||
| 005 | 20170805132200.0 | ||
| 008 | 170805b xxu||||| |||| 00| 0 eng d | ||
| 040 | _cmacl | ||
| 100 |
_aसिहं देवेन्द्र डॉ जितेन्द्र वत्स _968528 |
||
| 245 | _aभाषा विज्ञान अौर हिन्दी भाषा | ||
| 260 |
_bअमर प्रकाश्ान _c2011 |
||
| 350 | _a300 | ||
| 650 |
_aश्ाब्दकोश _968529 |
||
| 942 |
_cHIN _k403 _2ddc |
||
| 999 |
_c45449 _d45449 |
||